| 000 | 00555nam a22002057a 4500 | ||
|---|---|---|---|
| 003 | OSt | ||
| 005 | 20240715140703.0 | ||
| 008 | 240715b |||||||| |||| 00| 0 eng d | ||
| 020 | _a0075514036 | ||
| 040 |
_aDDC _cMUST |
||
| 082 | _a339 DOR 1990 | ||
| 100 |
_aRudiger Dornbush _918730 |
||
| 245 |
_aMacroeconomics/ _bRudiger Dornbush |
||
| 250 | _aFourth Edition | ||
| 260 |
_aNY: _bMcGraw-Hill Ryerson Limited; _c1990. |
||
| 300 |
_axvii,670p.: _bill, _c24cm. |
||
| 504 | _aIncludes Indexes | ||
| 650 |
_aMicroeconomics _94398 |
||
| 942 |
_2ddc _cO_SHELF |
||
| 999 |
_c9186 _d9186 |
||